Saber Sistema Nacional de Evaluación de la calidad de la educación : primeros resultados matemáticas y lenguaje en la básica primaria
En busca de un mejoramiento continuo en los proceso de evaluación de los resultados en la básica primaria, este ejemplar busca completar de manera significativa la interpretación de dichos resultados, facilitando a la medida la verificación de los mismos.
محفوظ في:
| مؤلف مشترك: | |
|---|---|
| التنسيق: | كتاب |
| اللغة: | Spanish |
| منشور في: |
Bogotá :
Ministerio de educación Nacional,
1993
|
| سلاسل: | Colección Documentos del Saber
No. 1 |
| الموضوعات: | |
| الوصول للمادة أونلاين: | Enlace del recurso |
| الوسوم: |
إضافة وسم
لا توجد وسوم, كن أول من يضع وسما على هذه التسجيلة!
|
MARC
| LEADER | 00000nam a2200000 a 4500 | ||
|---|---|---|---|
| 003 | OSt | ||
| 005 | 20191128143452.0 | ||
| 008 | 191128b1993 ck ||||r||||o001 0 spa d | ||
| 999 | |c 7241 |d 7241 | ||
| 040 | |b spa |c CNA-IDEP | ||
| 041 | |a spa | ||
| 082 | |a 378.1542 |b M272S | ||
| 110 | 1 | |a Ministerio de educación Nacional |9 14573 | |
| 245 | 1 | 0 | |a Saber Sistema Nacional de Evaluación de la calidad de la educación : |b primeros resultados matemáticas y lenguaje en la básica primaria |c Ministerio de educación Nacional |
| 260 | |a Bogotá : |b Ministerio de educación Nacional, |c 1993 | ||
| 300 | |a 103 paginas : |b tablas, esquemas, diagramas ; |c 24 cm. | ||
| 490 | |a Colección Documentos del Saber |v No. 1 | ||
| 504 | |a Contiene bibliografía pagina 102. | ||
| 505 | 2 | |a 1. Antecedentes -- 2. El sistema: características y estructura -- 3. Aplicación de la evaluación -- 4. Resultados de la evaluación -- | |
| 520 | 3 | |a En busca de un mejoramiento continuo en los proceso de evaluación de los resultados en la básica primaria, este ejemplar busca completar de manera significativa la interpretación de dichos resultados, facilitando a la medida la verificación de los mismos. | |
| 650 | 1 | 4 | |a EDUCACIÓN |9 14574 |
| 650 | 1 | 4 | |a Básica Primaria |9 14575 |
| 650 | 1 | 4 | |a Matematicas |9 2945 |
| 650 | 1 | 4 | |a Lenguaje |9 3541 |
| 942 | |2 ddc |c BK | ||
| 856 | |u https://catalogo.idep.edu.co/cgi-bin/koha/opac-detail.pl?biblionumber=7241 |z Enlace del recurso | ||